Nghề bà cậu văn hóa đánh bắt ở An Giang

Đã lưu trong:
書目詳細資料
主要作者: Nguyễn, Hữu Hiệp
格式: 圖書
出版: Hà Nội Khoa học xã hội 2015
主題:
標簽: 添加標簽
沒有標簽, 成為第一個標記此記錄!
Thư viện lưu trữ: Trung tâm Học liệu Lê Vũ Hùng, Trường Đại học Đồng Tháp
LEADER 00870pam a22002538a 4500
001 00041200
005 20180404150436.0
008 110608s1997 ||||||Viesd
020 # # |a 978 604 902 816 8 
041 0 # |a Vie 
082 1 4 |a 390.095 979 1  |b NGH250B 
100 1 # |a Nguyễn, Hữu Hiệp 
245 0 0 |a Nghề bà cậu văn hóa đánh bắt ở An Giang  |c Nguyễn Hữu Hiệp 
260 # # |a Hà Nội  |b Khoa học xã hội  |c 2015 
300 # # |c 21 cm.  |a 271 tr 
500 # # |a ĐTTS ghi: Hội Văn Nghệ dân gian Việt Nam 
653 # # |a An Giang 
653 # # |a Nghề truyền thống 
653 # # |a Văn hóa 
653 # # |a Văn hóa dân gian 
653 # # |a Đánh bắt 
852 # # |j KD.0023456 
910 |d 04/04/2018 
980 # # |a Trung tâm Học liệu Lê Vũ Hùng, Trường Đại học Đồng Tháp